000 00554nam a2200157 4500
999 _c17017
_d17017
008 220526b ||||| |||| 00| 0 eng d
022 _a0117-3308
082 _aDPer 004.1105 C73 Sept 2010 - April 2011 v. 20 n. 3-9
100 _aBurnham, Kristin.
_945252
245 _aHow CIOs can devise a social business strategy/
_cKristin Burnham.
260 _aPhilippines:
_bSchneider Electric,
_c©2010-2011.
300 _av20 n9, page 37:
_bcolor illustrations;
_c27 cm.
500 _aComputer world.
650 _aBusiness
_xStrategy.
_943482
942 _2ddc
_cPER